000 00993nam a2200289 a 4500
001 53291
003 BD-RjUL
005 20211209075935.0
008 161005s1998 ii b b 001 0 eng
020 _a8120412400
035 _a(BD-RjUL)53411
040 _aDLC
_cDLC
_dDLC
_beng
041 _aeng
082 0 0 _a631.5230954
_221
_bSEE 1998
245 0 0 _aSeeds of choice :
_bmaking the most of new varieties for small farmers /
_cedited by John R. Witcombe, Daljit S. Virk, John Farrington.
260 _aNew Delhi :
_bOxford & IBH Pub.,
_cc1998.
300 _axxii, 271 p. :
_bill. ;
_c25 cm.
504 _aIncludes bibliographical references (p. [215]-220) and index.
520 _aWith reference to India.
650 0 _aSeed technology
_zIndia.
_9159294
650 0 _aAgricultural extension work
_zIndia.
_9159295
700 1 _aWitcombe, John R.
_9159296
700 1 _aVirk, Daljit S.
_9159297
700 1 _aFarrington, John.
_9159298
942 _2ddc
_cBK
999 _c53291
_d53291